01563naa#a2200277#i#4500001002200000005001700022011001400039100004100053101000800094102000700102200019200109210016900301215001000470606008700480608004500567675011300612686007700725686005800802686014000860700005201000700005601052700005401108700005601162700005201218856001501270RU\INFRA-M\bibl\1776620260501214620.5##a1998-1740##a20171212b2017####ek#y0rusy0150####ca0#aRUS##aRU1#aИсследование эмоционально-психологического состояния школьников Томской областиeЖурнальная статья1#aМоскваcОбщество с ограниченной ответственностью «Научно-издательский центр ИНФРА-М»d2017##a5 с.##aОбразование и педагогические науки. 44.07.012local##aЖурнальная статья2local##aОбразование. Воспитание. Обучение. Организация досуга. 37zRUS##aОбразование. Педагогическая наука. 742bbk##aПедагогика. Образование. 362tbk##aОбщеобразовательная школа. Педагогика общеобразовательной школы. 14.252grnti#1aАшуроваgНаталья Игоревна#1aЗамятинаgОксана Михайловна#1aИлюхинgБорис Валентинович#1aПивовароваgАнна Викторовна#1aСербинаgНаталья Павловна4#anaukaru.ru